Daisies - Justin Bieber Lyrics - Statistics

General Stats
  • This quiz has been taken 23 times
  • The average score is 209 of 289
Answer Stats
Lyrics % Correct
I
100%
you
100%
You
100%
a
94%
in
94%
be
88%
like
88%
love
88%
me
88%
my
88%
the
88%
The
88%
and
82%
And
82%
do
82%
it
82%
on
82%
babe
76%
bed
76%
get
76%
Head
76%
head
76%
Hold
76%
hold
76%
is
76%
not
76%
or
76%
Think
76%
Throwing
76%
when
76%
can
71%
got
71%
how
71%
just
71%
know
71%
to
71%
way
71%
your
71%
again
65%
all
65%
all,
65%
but
65%
But
65%
connect
65%
days
65%
did
65%
don't
65%
Don't
65%
I'd
65%
if
65%
If
65%
leave
65%
many
65%
mean
65%
rather
65%
spinning
65%
take
65%
Til
65%
time
65%
3
59%
counting
59%
dots
59%
forever
59%
I'm
59%
its
59%
kisses
59%
message
59%
need
59%
said
59%
see
59%
still
59%
stop
59%
wanna
59%
em
53%
'em
53%
pedals
53%
read
53%
shooting
53%
shot
53%
Whatever
53%
ain't
47%
Blowing
47%
catch
47%
Cause
47%
friends
47%
Honey
47%
Instead
47%
line
47%
of
47%
respect
47%
right
47%
will
47%
closer
41%
could
41%
skin
41%
arrows
35%
come
35%
Cupid
35%
over
35%
with
35%
drop
29%
pin
29%
feelings
24%
Hop
24%
I've
24%
every
12%
been
6%
knees
6%
weak
6%
No matching quizzes found
Score Distribution
Percent of People with Each Score
Percentile by Number Answered
Your Score History
You have not taken this quiz